000 00273nam a2200109Ia 4500
008 190216s9999||||xx |||||||||||||| ||und||
100 _aGoel S L
245 0 _aModernizing Administrative Management
260 _bAllied Publishers Limited
_c1981
300 _a264p
942 _cBK
999 _c4881
_d4881